Ostrov /
Robinsonáda podle scénáře stejnojmenného filmu s Jiřím Langmajerem a Janou Plodkovou v hlavních rolích.
Uloženo v:
| Hlavní autor: | |
|---|---|
| Médium: | E-kniha |
| Jazyk: | Czech |
| Vydáno: |
Praha :
Ikar,
2023
|
| Vydání: | Vydání první |
| Témata: | |
| Tagy: |
Žádné tagy |
| LEADER | 02042nam a2200373 i 4500 | ||
|---|---|---|---|
| 001 | 311845 | ||
| 003 | CZ PrSKC | ||
| 005 | 20260601215712.0 | ||
| 007 | ta | ||
| 008 | 230209s2023 xr acf g 000 f cze | ||
| 015 | |a cnb003478230 | ||
| 020 | |a 9788024950266 |q (brožováno) | ||
| 035 | |a (OCoLC)1381701358 | ||
| 040 | |a ABG001 |b cze |d ABA001 |e rda | ||
| 072 | 7 | |a 821.162.3-3 |x Česká próza |2 Konspekt | |
| 080 | |a 821.162.3-31 |2 MRF | ||
| 080 | |a (0:82-31) |2 MRF | ||
| 100 | 1 | |a Havlík, Rudolf, |d 1976- |7 xx0118537 |4 aut |4 ill | |
| 245 | 1 | 0 | |a Ostrov / |c Rudolf Havlík |
| 250 | |a Vydání první | ||
| 264 | 1 | |a Praha : |b Ikar, |c 2023 | |
| 300 | |a 205 stran, 8 nečíslovaných stran obrazových příloh : |b ilustrace (převážně barevné), portréty ; |c 20 cm | ||
| 336 | |a text |b txt |2 rdacontent | ||
| 337 | |a bez média |b n |2 rdamedia | ||
| 338 | |a svazek |b nc |2 rdacarrier | ||
| 520 | 2 | |a Robinsonáda podle scénáře stejnojmenného filmu s Jiřím Langmajerem a Janou Plodkovou v hlavních rolích. |b Manželé Alice a Richard jsou na exotické dovolené. Po dvaceti letech manželství jim to trochu skřípe a k tomu všemu Richard Alici oznámí, že podal žádost o rozvod, protože si našel mladší ženu. Alice je v šoku a chce okamžitě odjet. Richardovi se podaří zajistit místa na zásobovacím letu nákladním letounem, ale bohužel dojde ke katastrofě. Alice s Richardem se probudí sami na opuštěném ostrově v Jižním Pacifiku. Nakladatelská anotace. Kráceno. | |
| 655 | 7 | |a české romány |7 fd133974 |2 czenas | |
| 655 | 9 | |a Czech fiction |2 eczenas | |
| 900 | |a ABA001 |b 19 | ||
| 928 | 9 | |a Euromedia Group - Ikar | |
| 044 | |a xr | ||
| 910 | |a RBIT002 | ||
| 998 | |d 367895 |a https://core.palmknihy.cz/api/books/367895/cover?rpt282 |b https://core.palmknihy.cz/api/books/367895/cover/400?rpt282 |c https://core.palmknihy.cz/api/books/367895/cover/50?rpt282 |e 2028-01-10 |g 216 |i 9788024950266 |j https://core.palmknihy.cz/api/books/367895/preview.epub |l |q 49 |r 1 |s https://www.palmknihy.cz/kniha/367895 |t ebook |y 2023 |z 0 | ||
| 999 | |d 311843 | ||